The glass girl / (Record no. 129024)

MARC details
000 -LEADER
fixed length control field 01629nam a2200421 a 4500
001 - CONTROL NUMBER
control field fol21184767
003 - CONTROL NUMBER IDENTIFIER
control field ICrlF
005 - DATE AND TIME OF LATEST TRANSACTION
control field 20250904223930.0
008 - FIXED-LENGTH DATA ELEMENTS--GENERAL INFORMATION
fixed length control field 240523s2024 nyu d 000 1 eng
010 ## - LIBRARY OF CONGRESS CONTROL NUMBER
LC control number 2023051553
020 ## - INTERNATIONAL STANDARD BOOK NUMBER
International Standard Book Number 9780525708087
035 ## - SYSTEM CONTROL NUMBER
System control number (ICrlF)2469SF
040 ## - CATALOGING SOURCE
Original cataloging agency DLC
Language of cataloging eng
Transcribing agency DLC
Modifying agency ICrlF
042 ## - AUTHENTICATION CODE
Authentication code pcc
-- cyac
050 00 - LIBRARY OF CONGRESS CALL NUMBER
Classification number PZ7.1.G587
Item number Gl 2024
082 00 - DEWEY DECIMAL CLASSIFICATION NUMBER
Classification number [Fic]
Edition number 23
100 1# - MAIN ENTRY--PERSONAL NAME
Personal name Glasgow, Kathleen,
Dates associated with a name 1969-
9 (RLIN) 41005
245 14 - TITLE STATEMENT
Title The glass girl /
Statement of responsibility, etc Kathleen Glasgow.
250 ## - EDITION STATEMENT
Edition statement 1st ed.
260 ## - PUBLICATION, DISTRIBUTION, ETC. (IMPRINT)
Place of publication, distribution, etc New York :
Name of publisher, distributor, etc Delacorte Press,
Date of publication, distribution, etc [2024]
300 ## - PHYSICAL DESCRIPTION
Extent 450 p. ;
Dimensions 22 cm.
510 3# - CITATION/REFERENCES NOTE
Name of source School Library Journal starred, October 2024
510 3# - CITATION/REFERENCES NOTE
Name of source Booklist starred, October 2024
510 3# - CITATION/REFERENCES NOTE
Name of source Pub Weekly, August 2024
510 3# - CITATION/REFERENCES NOTE
Name of source Kirkus Review, August 2024
520 ## - SUMMARY, ETC.
Summary, etc When fifteen-year-old Bella's latest blackout lands her in the hospital, she enters rehab to confront her addiction to alcohol.
521 2# - TARGET AUDIENCE NOTE
Target audience note Young Adult
Source Follett School Solutions.
521 8# - TARGET AUDIENCE NOTE
Target audience note HL620
Source Lexile.
650 #0 - SUBJECT ADDED ENTRY--TOPICAL TERM
Topical term or geographic name as entry element Alcoholism
Form subdivision Juvenile fiction.
9 (RLIN) 3953
650 #0 - SUBJECT ADDED ENTRY--TOPICAL TERM
Topical term or geographic name as entry element Rehabilitation
Form subdivision Juvenile fiction.
9 (RLIN) 43326
650 #0 - SUBJECT ADDED ENTRY--TOPICAL TERM
Topical term or geographic name as entry element Families
Form subdivision Juvenile fiction.
650 #1 - SUBJECT ADDED ENTRY--TOPICAL TERM
Topical term or geographic name as entry element Alcoholism
Form subdivision Fiction.
9 (RLIN) 11793
650 #1 - SUBJECT ADDED ENTRY--TOPICAL TERM
Topical term or geographic name as entry element Rehabilitation
Form subdivision Fiction.
9 (RLIN) 43327
650 #1 - SUBJECT ADDED ENTRY--TOPICAL TERM
Topical term or geographic name as entry element Family life
Form subdivision Fiction.
776 08 - ADDITIONAL PHYSICAL FORM ENTRY
Display text Online version:
Main entry heading Glasgow, Kathleen, 1969-
Title Glass girl.
Edition First edition
Place, publisher, and date of publication New York : Delacorte Press, 2024
International Standard Book Number 9780525708100
Record control number (DLC) 2023051554
940 ## - EQUIVALENCE OR CROSS-REFERENCE--UNIFORM TITLE [OBSOLETE] [CAN/MARC only]
-- Young Adult
Date of treaty signing 12/03/24
Version School Library Journal starred, October 2024
-- Booklist starred, October 2024
-- Pub Weekly, August 2024
-- FSS
942 ## - ADDED ENTRY ELEMENTS (KOHA)
Koha item type Book
Holdings
Withdrawn status Lost status Source of classification or shelving scheme Damaged status Not for loan Home library Current library Shelving location Date acquired Total Checkouts Full call number Barcode Checked out Date last seen Date checked out Cost, replacement price Price effective from Koha item type
  Available Dewey Decimal Classification     Martha's Vineyard High School Library Martha's Vineyard High School Library   12/10/2024 2 FIC/GLA 39844500061595 11/05/2025 10/15/2025 10/15/2025 22.00 12/10/2024 Book